zpět

Detail výsledku týmu

Chicago Bar & Grill ÚT, Liberec

Datum a čas kvízu

26.5 Celkem bodů Celkový počet nahraných bodů na tomto kvízu bez doplňovacích otázek.
6. Pořadí na kvízu Konečné umístění týmu na tomto kvízu.

Zaznamenané odpovědi

# Otázka Odpověď Body Výsledky
1. Na webové adrese zemanznovu.cz... e-shop s dámským textilem 0
2. Prezidentské volby v Bělorusku... Litva 1
3. Český režisér, producent a her... Joseph McCarthy 1
4. Prezident jedné země v úterý o... Vladimir Putin 1
5. Minulý týden odstartoval etapo... Dauphiné 1
6. Nedávno jsme se zabývali různý... Belgie, Francie, Nizozemsko 1
7. Dne 24. července roku 1177 uza... Fridrich I. Barbarossa (Rudovous) 1
8. Dalším špičatým letopočtem v n... Vladislav Jagellonský 1
9. Dostáváme se do novověku, konk... (von) Laudon 1
10. Rok 1714 se stal jedním z důle... Gabriel Fahrenheit 0